000 00665nam a2200205 i 4500
001 26592
003 ES-MaACL
005 20250824063030.0
007 t|
008 030109s1952 sp ||||1| spa d
100 1 _aAunós Pérez, Eduardo,
_d1894-1967
_923920
245 1 4 _aLos viñadores de la última hora /
_cEduardo Aunós ; prólogo de Federico Carlos Sainz de Robles.
260 _aMadrid :
_bAguilar,
_c1952 (
_fOgrama)
300 _a302 p. ;
_c20 cm.
490 1 _aLiteraria
700 1 _aSainz de Robles, Federico Carlos,
_d1898-1982
_9101593
830 0 _aLiteraria
_9178137
852 _aES-MaACL
_jD-8615
_bR.33219
999 _c26592
_d26592